| 000 | 00649nam a2200193 4500 | ||
|---|---|---|---|
| 003 | DO-SdBNP | ||
| 005 | 20180216103609.0 | ||
| 008 | 161125b1994 cu||||| |||| 00| 0 spa d | ||
| 020 | _a959050079X | ||
| 040 |
_aBPMSU _bspa _cBPMSU |
||
| 100 | 1 | _aNuñez Uncal, María del Carmen | |
| 245 | 1 | 0 |
_aBiblioterapia : _bcuentos infantiles terapéuticos / _cMaría Del Carmen Nuñez Uncal ; ilustración Antonio Villamil Gil |
| 260 |
_aLa Habana : _bCientifico Técnica , _c1994 |
||
| 300 |
_a112 p. : _bil. : _c19 cm |
||
| 700 | _aIlustración de Villamil Gil, Antonio | ||
| 942 |
_2ddc _cBK |
||
| 945 | _ainventariado, 2018 / dg | ||
| 956 | _adgarcia | ||
| 999 |
_c12097 _d12097 |
||